Pokémon de Sacha - Statistiques

Statistiques générales
  • Ce quiz a été pris 15 684 fois
    13 479 depuis la dernière actualisation
  • Le résultat moyen est 23 sur 56
Statistiques - réponses
Région Type(s) Pokémon % Correct
Kanto Electrik Pikachu
99%
Kanto Feu/Vol Dracaufeu
92%
Kanto Eau Carapuce
78%
Kanto Normal/Vol Roucarnage
76%
Kanto Insecte/Vol Papilusion
75%
Kanto Plante/Poison Bulbizarre
71%
Kalos Eau/Ténèbres Amphinobi
55%
Sinnoh Feu/Combat Simiabraz
54%
Hoenn Plante Jungko
49%
Iles Orange Eau/Glace Lokhlass
49%
Iles Orange Normal Ronflex
48%
Kanto Dragon/Vol Dracolosse
47%
Sinnoh Normal/Vol Etouraptor
47%
Johto Eau Kaiminus
47%
Johto Feu Feurisson
46%
Johto Plante Macronium
46%
Sinnoh Plante/Sol Torterra
46%
Kanto Spectre/Poison Ectoplasma
45%
Kanto Normal Tauros
43%
Kanto Combat/Acier Lucario
42%
Sinnoh Sol/Vol Scorvol
42%
Unys Feu/Combat Grotichon
40%
Kalos Combat/Vol Brutalibré
39%
Kalos Feu/Vol Flambusard
39%
Hoenn Normal/Vol Hélédelle
39%
Kanto Combat Colossinge
38%
Kanto Eau Krabboss
38%
Unys Eau Moustillon
38%
Unys Plante Vipélierre
38%
Kanto Poison Grotadmorv
37%
Johto Insecte/Combat Scarhino
37%
Alola Feu/Ténèbres Félinferno
35%
Kalos Vol/Dragon Bruyverne
34%
Unys Normal/Vol Déflaisan
34%
Alola Roche Lougaroc
34%
Kalos Dragon Muplodocus
34%
Johto Normal/Vol Noarfang
34%
Hoenn Glace Oniglali
34%
Alola Plante/Vol Brindibou
33%
Sinnoh Dragon/Sol Griknot
33%
Sinnoh Eau Mustébouée
31%
Hoenn Feu Chartor
30%
Unys Sol/Ténèbres Crocorible
30%
Unys Insecte/Plante Manternel
28%
Alola Acier Melmetal
28%
Johto Sol Donphan
27%
Galar Combat Palarticho
27%
Hoenn Eau Ecrapince
26%
Unys Eau/Sol Batracné
25%
Unys Roche Géolithe
24%
Galar Eau/Dragon Hydragon
24%
Kanto Normal Capumain
23%
Alola Poison/Dragon Mandrillon
23%
Unys Ténèbres/Combat Baggiguane
21%
Kanto Normal Rattatac
20%
Johto Insecte/Poison Dardargnan
17%
Aucun quiz correspondant
Distribution des résultats
% des personnes avec chaque résultat
Percentile par nombre de réponses
Votre historique - résultats
Vous n’avez pas pris ce quiz depuis la dernière actualisation